Defunct UK Passenger Train Operators - Statistics

General Stats
  • This quiz has been taken 74 times
  • The average score is 23 of 45
Answer Stats
Answer % Correct
Arriva Trains Wales
90%
Virgin Trains
89%
Northern Spirit
87%
Arriva Trains Northern
82%
Arriva Rail North
79%
National Express East Coast
79%
Northern Rail
79%
First Great Western Link
77%
South West Trains
75%
Great Western Trains
70%
Connex South Eastern
67%
Great North Eastern Railway
67%
Anglia Railways
64%
First ScotRail
62%
East Midlands Trains
59%
East Coast
57%
London Midland
56%
National Express East Anglia
56%
Thames Trains
56%
Virgin CrossCountry
56%
Central Trains
52%
Virgin Trains East Coast
52%
West Anglia Great Northern
52%
Connex South Central
51%
First Capital Connect
46%
First Transpennine Express
46%
South Eastern Trains
46%
ScotRail
44%
Silverlink
44%
Southern
44%
First North Western
41%
North Western Trains
39%
Midland Mainline
38%
Wessex Trains
38%
Thameslink
36%
First Great Eastern
31%
Merseyrail Electrics
31%
Wales and West
26%
Wrexham and Shropshire
26%
Heathrow Connect
25%
Gatwick Express
23%
Wales and Borders
23%
Island Line
20%
Valley Lines
18%
Arriva Trains Merseyside
10%
No matching quizzes found
Score Distribution
Percent of People with Each Score
Percentile by Number Answered
Your Score History
You have not taken this quiz